| 000 | 00662nam a2200217Ia 4500 | ||
|---|---|---|---|
| 008 | 140321s9999 xx 000 0 und d | ||
| 020 | _a9780538745840 | ||
| 050 |
_aQA 76.73 _b.G679 2011 |
||
| 100 | _aGosselin, Don | ||
| 245 |
_aPHP programming with my SQL / _cDon Gosselin, Diana Kokoska & Robert Easterbrooks. |
||
| 250 | _a2nd ed. | ||
| 260 |
_aCalifornia : _bWadsworth Cengage Learning, _cc2011. |
||
| 300 |
_a694 p. : _bill. ; _c24 cm. |
||
| 500 | _aIncludes index. | ||
| 521 | _aIT | ||
| 650 | _aMySQL (Electronic resource). | ||
| 650 | _aPHP (Computer program language). | ||
| 650 |
_aWeb sites _xDesign. |
||
| 942 |
_kFOR _cBK |
||
| 999 |
_c48559 _d48559 |
||